| 000 | 00535nam a2200181Ia 4500 | ||
|---|---|---|---|
| 008 | 220204s9999 xx 000 0 und d | ||
| 082 |
_a581.134 _bZAM |
||
| 100 | _aSchaffer, Arthur A | ||
| 245 | 0 | _aPhotoassimilate distribution in plants and crops : Source-sink relationships | |
| 260 |
_aNew York _bMarcel Dekker, Inc _c1996 |
||
| 650 | _aCarbohydrate metabolism | ||
| 650 | _aGrowth analysis | ||
| 650 | _aPhotosynthesis | ||
| 650 | _aPlant assimilation | ||
| 650 | _aStarch synthesis | ||
| 700 | _aZamski, Eli | ||
| 942 | _cBK | ||
| 999 |
_c41048 _d41048 |
||